=LDR 00000nam 2200000 4500 =001 INLIS000000000003705 =005 20250326114231 =035 ##$$a 0010-0325000421 =007 ta =008 250326################g##########e#ind## =082 ##$$a 297 =084 ##$$a 297 PER m =245 1#$$a Masih banyak yang harus dilakukan untuk meningkatkan kesejahteraan /$c BKKBN =250 ##$$a XXX TH. IV-NOPEMBER 2014 =260 ##$$a Jakarta :$b BKKBN,$c 2014 =300 ##$$a 39 Halaman : $b Ilus ; $c 28cm =650 #4$$a Keluarga Berencana =110 #$$a Perwakilan BKKBN =520 ##$$a menjelaskan bagaimana cara yang harus dilakukan untuk meningkatkan kesejahteraan =856 ##$$a Perpustakaan UPT Balai Diklat KKB Jember